000 00644nam a2200229 i 4500
001 C2-0249042
003 PPAK
005 20180727213145.0
008 030428s2002 my a|||| ||||| | may d
020 _a9831651391
040 _aPPAK
_beng
_cPPAK
_erda
082 0 4 _a499.2386
_223
090 0 0 _a499.2386
_bHIM
_dRK
245 0 0 _aHimpunan hikayat Hang Tuah
264 1 _aPetaling Jaya, Selangor :
_bKualiti Books ,
_c2002
300 _a[142 pages] :
_bcolour illustrations ;
_c26 cm
336 _2rdacontent
_atext
337 _2rdamedia
_aunmediated
338 _2rdacarrier
_avolume
650 1 0 _aBahasa Melayu - Readers
942 _ddc
_cB
999 _c62635
_d62635